00000000nam 2200000zi 4500
0019.922154
003CaOODSP
00520230818074319
006m     o  d f      
007cr |n ||||||||
008230502e199603##oncd    os   f000 0|fre d
040 |aCaOODSP|bfre|erda|cCaOODSP
041 |afre|aeng
043 |an-cn---
0861 |aIu23-64/1996-PDF
24500|aCanadian business and institutional furniture and fixture industries (SIC2641, 2649 and 2692) : |bstatistical data = industries canadiennes des meubles et des articles d'ameublement pour bureaux et institutions (CTI 2641, 2649 et 2692) : données statistiques.
24611|aIndustries canadiennes des meubles et des article d'ameublement pour bureaux et institutions (CTI 2641, 2649 et 2692) : |bdonnées statistiques
24614|aBusiness and institutional furniture and fixture industries : |bstatistical data = industries des meubles et des articles d'ameublement pour bureaux et institutions : données statistiques
264 1|a[Ottawa] : |bDirection générale des articles de mode, de loisirs et ménagers, Industrie Canada = Fashion, Leisure & Household Products Branch, Industry Canada, |cMars 1996.
300 |a1 ressource en ligne (vi, 57 pages) : |bgraphiques
336 |atexte|btxt|2rdacontent/fre
337 |ainformatique|bc|2rdamedia/fre
338 |aressource en ligne|bcr|2rdacarrier/fre
500 |aÉdition numérisée de l'imprimé [par Innovation, Sciences et Développement économique Canada].
546 |aTexte en français et en anglais.
650 6|aMeubles|xIndustrie|zCanada|vStatistiques.
650 6|aBureaux|xMeubles|xIndustrie|zCanada|vStatistiques.
655 7|aStatistiques|2rvmgf
7101 |aCanada. |bIndustrie Canada, |eorganisme de publication.
791 |tCanadian business and institutional furniture and fixture industries (SIC2641, 2649 and 2692) : |eeng|w(CaOODSP)9.892204
85640|qPDF|s3.07 Mo|uhttps://publications.gc.ca/collections/collection_2023/isde-ised/Iu23-64-1996.pdf